000 00485nam a2200181Ia 4500
001 24135
005 20260414151023.0
008 260414t2009||||xx |||||||||||||| ||spa||
041 _aESP
082 _a781.2
_bB94
100 _aBurrows, Terry
_eAUT
245 0 _aMétodo fácil para leer musica :
_bguía para iniciarse de forma ágil en el lenguaje musical
260 _c2009
300 _a128 páginas :
_c28 cm.
650 _aABD
654 _aCAU
942 _cLIB
_dJUS
_fJUS
_2ddc
_n
999 _c24135
_d24135